000 01953cam a2200289 a 4500
001 000018235
005 20200929165420.0
008 701026s1970 ilu b 001 0 eng d
020 _a0226263460
040 _aDO-SdBNP
_cDLC
_dDLC
_dBNPHU
082 _a839.69
_bS193b
245 0 0 _aSamuel Beckett now :
_bcritical approaches to his novels, poetry, and plays. /
_cEdited and with an introd. by Melvin J. Friedman.
260 _aChicago ;
_aLondon, :
_bUniversity of Chicago,
_c1970.
300 _axii, 275 p. ;
_c23 cm.
500 _aWith the exception of three essays, an earlier form of this book appeared in French as Configuration critique de Samuel Beckett.
504 _aIncludes bibliographical references.
500 _aIncludes index
505 0 _aIntroduction, by M. J. Friedman.--The elusive ego: Beckett's M's, by F. J. Hoffman.--Robbe-Grillet as a critic of Samuel Beckett, by B. Morrissette.--The strange world of Beckett's "grands articules," by G. Bree.--Black humor: the pockets of Lemuel Gulliver and Samuel Beckett, by E. Kern.--Beckettian paradox: who is telling the truth? By R. Federman.--Adventures of the first person, by R. Champigny.--Molloy or the quest for meaninglessness: a global interpretation, by D. Hayman.--Interpreting Molloy, by J. Fletcher.--A poet's initiation, by L. E. Harvey.--The laughter of sad Samuel Beckett, by R. Cohn.--Beckett's metaphysics of choiceless awareness, by R. Lamont.--Samuel Beckett: a checklist of criticism, by J. R. Bryer (p. 219-259)
600 1 0 _aBECKETT, SAMUEL,
_d1906-1989
_xCRÍTICA E INTERPRETACIÓN
_933185
650 4 _aAutores irlandeses
_xCrítica e interpretación
_939485
650 4 _aPoesía irlandesa
_xHistoria y crítica
_939486
650 4 _aNovela irlandesa
_xHistoria y crítica
_939487
650 4 _aLiteratura irlandesa
_xHistoria y crítica
_ySIGLO XX
_939488
700 1 _aFriedman, Melvin J.,
_eed.
_939489
910 _aCatalogación derivada
049 _aBNGR
999 _c17756
_d17756